006540000a22002290004500003001100000005001700011008004100028020001500069040003900084041000800123082001600131100002100147245003300168260004700201300002000248650001300268650001900281650001300300942000700313952009100320999001300411LK-CoMWRAF20231120141302.0230817t1998 ||||| |||| 00| 0 eng d a1568581513 aLK-CoMWRAFdLK-CoMWRAFeLK-CoMWRAF aeng a305.42bCHE aChesler, Phyllis aLetters to a young feminist  aNew York:bFour Walls Eight Windows,c1998 a165 p. ; 19 cm. aFEMINISM aWomen's rights aSex role cBK 00104070aMAINbMAINd2023-08-17l0o305.42 CHEpRAF3097r2023-08-17w2023-08-17yBK c453d453